A field guide for science writers / (Registro nro. 17679)

Detalles MARC
000 -CABECERA
Campo de control 01224cam a22003134a 4500
005 - FECHA Y HORA DE LA ULTIMA TRANSACCION
Campo de control 20150814154658.0
008 - ELEMENTOS DE LONGITUD FIJA—INFORMACION GENERAL
Campo de control 050118s2006 enk f 001 0 eng
020 ## - ISBN
ISBN 0195174984
020 ## - ISBN
ISBN 9780195174984
020 ## - ISBN
ISBN 0195174992 (alk. paper)
020 ## - ISBN
ISBN 9780195174991 (alk. paper)
040 ## - FUENTE DE CATALOGACIÓN
Agencia catalogadora original DLC
Agencia transcriptora DLC
Agencia Modificadora DLC
-- CO-BoIAVH
041 0# - IDIOMA
Código de idioma para texto/pista de sonido o título separado Inglés
044 ## - PAÍS DE PUBLICACIÓN
País de publicación Estados Unidos
082 04 - NUMERO DE CLASIFICACION DECIMAL DEWEY
Número de clasificación 501.4024
Número del ítem B62f
245 02 - MENCION DE TITULO
Título A field guide for science writers /
Mención de responsabilidad edited by Deborah Blum, Mary Knudson, Robin Marantz Henig.
250 ## - MENCION DE EDICION
Mención de edición 2nd ed.
260 3# - PUBLICACION, DISTRIBUCION, ETC. (PIE DE IMPRENTA)
Lugar de publicación, distribución, etc. Oxford [England] ;
-- New York :
Nombre del editor, distribuidor, etc. Oxford University Press,
Fecha de publicación, distribución, etc. 2006.
300 ## - DESCRIPCION FISICA
Extensión xiv, 321 p. ;
Dimensiones 24 cm.
500 ## - NOTA GENERAL
Nota general Incluye Índice.
650 #0 - ASIENTO SECUNDARIO DE MATERIA - TERMINO TEMATICO
Término temático o nombre geográfico como elemento de entrada Escritura Técnica
Subdivisión de forma Manuales
9 (RLIN) 36983
700 1# - ASIENTO SECUNDARIO - NOMBRE PERSONAL
Nombre personal Blum, Deborah,
Fechas asociadas con el nombre 1954-
Término de relación Editora
9 (RLIN) 36984
700 1# - ASIENTO SECUNDARIO - NOMBRE PERSONAL
Nombre personal Knudson, Mary.
Término de relación Editora
9 (RLIN) 36985
700 1# - ASIENTO SECUNDARIO - NOMBRE PERSONAL
Nombre personal Henig, Robin Marantz.
Término de relación Editor
9 (RLIN) 36986
856 41 - LOCALIZACION Y ACCESO ELECTRONICOS
Especificación de los materiales Table of contents only
Identificador Uniforme del Recurso http://www.loc.gov/catdir/toc/ecip056/2005001267.html
856 42 - LOCALIZACION Y ACCESO ELECTRONICOS
Especificación de los materiales Publisher description
Identificador Uniforme del Recurso http://www.loc.gov/catdir/enhancements/fy0637/2005001267-d.html
856 42 - LOCALIZACION Y ACCESO ELECTRONICOS
Especificación de los materiales Contributor biographical information
Identificador Uniforme del Recurso http://www.loc.gov/catdir/enhancements/fy0724/2005001267-b.html
942 ## - ELEMENTOS ADICIONALES (KOHA)
Sistema de clasificación Dewey Decimal Classification
Tipo de ítem Libro
Existencias
Withdrawn status Lost status Sistema de Clasificación Damaged status No para préstamo Colección Inventariado Ubicación Permanente Ubicación actual Fecha de adquisición Fuente de Valor Total Checkouts Número topográfico Inventario / Código de Barras Date last seen Ejemplar Price effective from Forma de adquisición Tipo de material
    Dewey Decimal Classification     General Inventariado 2017 Bogotá Bogotá 14/08/2015 Oxford University Press   LB-501.4024 B62f 035159 14/08/2015 Ej, 1 14/08/2015   Libro